Herbst, W. - Levykin, K. G.: Museologie, theoretische grundlagen und methodik der Arbeit in Geschichtsmuseen

Bibliographic Details
Main Authors: Beneš, Josef, 1917-2005 (Author), Herbst, W. (Author), Levykin, K. G. (Author)
Format: Article
Language:Czech
Subjects:

MARC

LEADER 00000nab a2200000 a 4500
001 vtls000360977
003 SK-MaSNL
005 20260318124122.0
008 230131c1989 xo 0 cze
015 |a SNBRB19rr/mm-uuuuu 
035 |a CL0361099 
035 |a urn:nbn:sk:snk-ab2n0n 
035 |a (urnnbn)urn:nbn:sk:snk:ar-a02nq9 
035 |a (uuid)53221eda-d8ab-4b4a-99f7-06db8a22c9a8 
040 |a SNKBUCL  |b slo  |c SNKBUCL  |e AACR2 
041 0 |a cze 
044 |a xo  |c SK 
080 |a 069.6.02:93:069.4  |2 1981 
080 |a 93  |2 1981 
080 |a 069.4  |2 1981 
100 1 |a Beneš, Josef,  |d 1917-2005  |4 aut  |9 99502 
245 1 0 |a Herbst, W. - Levykin, K. G.: Museologie, theoretische grundlagen und methodik der Arbeit in Geschichtsmuseen  |c Jozef Beneš 
650 0 7 |a historické múzeá  |2 snkbucl  |9 68408 
650 0 7 |a múzejné zbierky  |2 snkbucl  |9 69988 
655 7 |a články z novín a časopisov  |2 snkbucl  |9 267496 
700 1 |a Herbst, W.  |4 aut  |9 1274756 
700 1 |a Levykin, K. G.  |4 aut  |9 1274757 
773 0 |t Múzeum  |g Roč. 34, č. 2 (1989), s. 82-83 
787 0 8 |i Rec.:  |a Herbst, W.  |t Museologie, theoretische grundlagen und methodik der Arbeit in Geschichtsmuseen  |d Berlin : VEB Deutscher Verlag der Wissenschaften, 1988 
850 |a Slovenská národná knižnica v Martine  |a MTA001 
852 |a SNK  |b KIS3GCP 
954 |a odborná, vedecká literatúra cudzojazyčná (svetová)  |2 lita 
958 |a OND 
958 |a EUIPO 
958 |a article27 
992 |a RBX 
999 |c 2527821  |d 2529751